Представление документа в формате RUSMARC

ПолеНазваниеЗначение
  Тип записи a
  Библиографический уровень m
001 Контрольный номер RU/SLIB/B/208717476
005 Дата корректировки 20201206203933.8
010 Индекс ISBN __
d Цена 5-76
101 Язык документа __
a Язык текста rus
c Язык оригинала rus
200 Заглавие и сведения об ответственности 0_
a Заглавие Товарищам по оружию, 1944-1945
b Общее обозначение материала Текст
205 Сведения об издании __
a Основные сведения об издании 2-е изд., испр. и доп.
210 Выходные данные __
a Место издания Ruch Warszawa
c Издательство Prasa-Ksiazka-Ruch
d Дата издания 1975
215 Физическое описание __
a Объем 101 с.
606 Тематические рубрики __
a Основная рубрика История
z Хронологическая подрубрика 1944-1945 гг.; 20 в.
y Географическая подрубрика Урал; Москва; Ленинград; Кавказ; Украина
606 Тематические рубрики __
a Основная рубрика История России и СССР (октябрь 1917 - 1991 г.)
610 Ключевые слова __
a Ключевые слова Великая Отечественная война; герои; подвиги; войны
686 Индексы других классификаций __
a Классификационный индекс 63.3(2)622,13я6
686 Индексы других классификаций __
a Классификационный индекс 63.3(2)л6
801 Источник записи _0
a Страна RU
b Организация Муниципальное бюджетное учреждение культуры "Централизованная библиотечная система" г. Сургут (Центральная городская библиотека им. А. С. Пушкина)
g Правила каталогизации ОК/Цикалюк
801 Источник записи _1
a Страна RU
b Организация Муниципальное бюджетное учреждение культуры "Централизованная библиотечная система" г. Сургут (Центральная городская библиотека им. А. С. Пушкина)
g Правила каталогизации ОК/Цикалюк
852 Данные о местонахождении __
j Шифр хранения 63.3(2)622,13я6
c Каталожный индекс 63.3(2)622.13я6; 63.3(2)л6
i Авторский знак Т 50
p Инвентарный номер 38161(с)
901 Тип документа __
t Тип документа m
990 Данные о заказе (DOS) __
j Количество экземпляров (DOS) 1
t N записи в КСУ для И/У (DOS) 199101